01266cam a22003017a 4500003000500000005001700005008004100022010001000063011001000073020001800083020001800101020001800119020001800137020001800155020001800173020001500191035001000206040000900216082002900225110007900254245016500333260009900498300001900597500025500616650002800871650004200899650002300941CHAP20220329135802.0971013s1994 r 00010 d a42101 a43073 a970-13-0419-5 a970-13-0421-7 a970-13-0422-5 a970-13-0424-1 a970-13-0425-X a970-13-0426-8 a9701304233 a47209 cCHAP a312.0972bM48 1990 Chis. aInstituto Nacional de Estadística, Geografía e Informática. México 0aCenso general de población y vivienda (11o) 1990 : Chiapas : perfíl sociodemográficoc/por Instituto Nacional de Estadística Geografía e Informática aAguascalientes, Ags. :bInstituto Nacional de Estadística Geografía e Informática,c199- av.b: gráfs. aLa biblioteca tiene : v.1 Región Altos de Chiapas, v.2 Región Sierra de Chiapas, v.3 Región Soconusco de Chiapas, v.4 Región Selva de Chiapas, v.5 Región Frontera de Chiapas, v.6 Región Frailesca de Chiapas, v.7 Región Centro de Chiapas14aMéxicoxCensos (1990)14aPoblaciónxEstadísticaszChiapas.14aViviendaxChiapas.